| 000 | 00410nam a22001697a 4500 | ||
|---|---|---|---|
| 003 | OSt | ||
| 005 | 20210920135122.0 | ||
| 008 | 210920b |||||||| |||| 00| 0 eng d | ||
| 020 | _a0719552338 | ||
| 040 | _cHU | ||
| 082 | _a796.07/ROB | ||
| 100 |
_aROBERTSON ELIZABETH _95087 |
||
| 245 | _a PHYSICAL EDUCATION : A PRACTICAL GUIDE | ||
| 260 |
_bJOHN MURRAY _c1994. |
||
| 300 | _a184p. | ||
| 942 |
_2ddc _cBOOKS _n0 |
||
| 999 |
_c5046 _d5046 |
||